000 00285nam a2200109Ia 4500
008 200302s9999 xx 000 0 und d
100 _aDona Z. Meilach
245 _aArchitectural Ironwork
260 _bLibrary of Congress cataloging in Publication
260 _c2001
300 _a240 P.,
999 _c2079
_d2079